=LDR 00000nam 2200000 4500 =001 INLIS000000000037154 =005 20130612142910 =008 ***********************************Ind** =035 ##$$a0010-061300000037154 =041 ##$$a Ind =082 ##$$a 745.92 =090 ##$$a 745.92, Jus r =100 ##$$a Jusuf, Olga =245 ##$$a Rangkaian bunga dari tali satin, olga Jusuf ; editor, Intarina Hardiman =260 ##$$a 2010 $b Jakarta =300 ##$$a 46 hlm, ilus, 25 cm =650 ##$$a Merangkai bunga =850 ##$$a NBPNMAT =990 ##$$a 0001/BPAP-NTB/20142014